00749nam a2200241 a 4500001001300000003000900013005001700022008004100039020000900080082001600089100003700105245007100142260003200213300000800245500003500253505001500288650002000303700003700323902000800360942000700368952011500375999001700490nice12345678IN_TiNIC20260116014807.0110111s1999 newa grp 000 0 eng  ac8000a394.26bPAN aPanigrahi, Kusum Misra Panigrahi aFestivals of Biodiversityb 13 Celebrations in 12 Months in Orissa aNew Delhi bNavdanya c1999 a82p aincludes index and biblioraphy2 aAppendices aFestivals-India1 aPanigrahi, Kusum Misra Panigrahi bSRS cBK 001040708StackRoom-aHMIbHMId2011-01-11g80.00l0o394.26 PANp023446r2011-01-11v80.00w2011-01-11yBK c16998d16998